[Event "St Petersburg Botvinnik Memorial op"]
[Site "St Petersburg"]
[Date "2012.09.02"]
[Round "9"]
[White "Fokin, Anatoly"]
[Black "Fedoseeva, Valentina"]
[Result "0-1"]
[WhiteElo "1803"]
[BlackElo "1957"]
[PlyCount "166"]
[EventDate "2012.08.25"]
[EventType "swiss"]
[EventRounds "9"]
[EventCountry "RUS"]
[SourceTitle "CBM 150 Extra"]
[Source "ChessBase"]
[SourceDate "2012.10.19"]
[SourceVersion "1"]
[SourceVersionDate "2012.10.19"]
[SourceQuality "1"]

1. d4 Nf6 2. c4 e6 3. Nc3 d5 4. Bg5 Be7 5. e3 h6 6. Bh4 b6 7. cxd5 Nxd5 8. Bxe7 Qxe7 9. Rc1 Bb7 10. Nf3 0-0 11. Bd3 Nxc3 12. Rxc3 Na6 13. Qe2 Nb4 14. Bb1 Ba6 15. Qd2 Rfd8 16. a3 Nd5 17. Rc1 Rdc8 18. Qc2 Nf6 19. b4 Bb7 20. 0-0 a5 21. Qb2 axb4 22. axb4 Ra4 23. b5 Rb4 24. Qe2 Ra4 25. Ne5 Qd6 26. f3 Raa8 27. Nc6 Nd7 28. Qd3 g6 29. h4 h5 30. Rc3 Kg7 31. f4 Nb8 32. Ne5 f5 33. Rfc1 c6 34. Qc2 Rc7 35. Ba2 Kf6 36. Nc4 Qd5 37. Bb3 Ra7 38. Nxb6 Qxb5 39. Nc4 Qd5 40. Ne5 Qd6 41. Nd3 Nd7 42. Nc5 Nxc5 43. Rxc5 Rc8 44. Qc3 Kf7 45. Qb4 Qe7 46. Qc4 Qd7 47. e4 Kf6 48. d5 cxd5 49. Qd4+ Kf7 50. exf5 Rxc5 51. fxg6+ Kxg6 52. Qxc5 Ra8 53. Qd4 Ba6 54. Qe5 Qa7+ 55. Kh2 Qe7 56. Kh3 Bd3 57. g3 Bf5+ 58. Kh2 Qf6 59. Rc6 Qxe5 60. fxe5 Ra5 61. Rb6 Rc5 62. Kg2 Bg4 63. Kf2 Kf5 64. Ba4 Kxe5 65. Ke3 Rc3+ 66. Kf2 Rf3+ 67. Kg2 Re3 68. Bd7 Re2+ 69. Kf1 Rc2 70. Be8 Rc8 71. Bg6 Kd4 72. Kf2 e5 73. Rb4+ Rc4 74. Rb5 e4 75. Bf7 Rc5 76. Rb4+ Kc3 77. Ra4 d4 78. Ra3+ Kd2 79. Ra2+ Rc2 80. Rxc2+ Kxc2 81. Bg6 Bf3 82. g4 d3 83. Be8 Bxg4 0-1

[Event "St Petersburg Botvinnik Memorial op"]
[Site "St Petersburg"]
[Date "2012.09.01"]
[Round "8"]
[White "Fedoseeva, Valentina"]
[Black "Akkozov, Berik"]
[Result "0-1"]
[WhiteElo "1957"]
[BlackElo "2401"]
[PlyCount "59"]
[EventDate "2012.08.25"]
[EventType "swiss"]
[EventRounds "9"]
[EventCountry "RUS"]
[SourceTitle "CBM 150 Extra"]
[Source "ChessBase"]
[SourceDate "2012.10.19"]
[SourceVersion "1"]
[SourceVersionDate "2012.10.19"]
[SourceQuality "1"]

1. e4 c5 2. Nf3 d6 3. Bb5+ Bd7 4. Qe2 Nc6 5. 0-0 a6 6. Bxc6 Bxc6 7. Re1 e6 8. d4 cxd4 9. Nxd4 Bd7 10. c4 Be7 11. b3 Bf6 12. Bb2 Ne7 13. Nf3 Ng6 14. Qd2 Bc6 15. Bxf6 Qxf6 16. Nc3 0-0 17. Rad1 Rfd8 18. Nd4 Be8 19. Nf3 b5 20. Qd4 Qe7 21. Qb6 d5 22. exd5 Qa3 23. dxe6 Rxd1 24. Rxd1 Qe7 25. Re1 bxc4 26. bxc4 fxe6 27. Rxe6 Qd8 28. c5 Bf7 29. Rd6 Qxb6 30. cxb6 0-1

[Event "St Petersburg Botvinnik Memorial op"]
[Site "St Petersburg"]
[Date "2012.08.29"]
[Round "5"]
[White "Vardanian, Hamazasp"]
[Black "Fedoseeva, Valentina"]
[Result "1-0"]
[WhiteElo "2153"]
[BlackElo "1957"]
[PlyCount "35"]
[EventDate "2012.08.25"]
[EventType "swiss"]
[EventRounds "9"]
[EventCountry "RUS"]
[SourceTitle "CBM 150 Extra"]
[Source "ChessBase"]
[SourceDate "2012.10.19"]
[SourceVersion "1"]
[SourceVersionDate "2012.10.19"]
[SourceQuality "1"]

1. f4 d5 2. Nf3 Nf6 3. g3 c5 4. Bg2 Nc6 5. d3 Qc7 6. 0-0 e5 7. fxe5 Nxe5 8. Nc3 d4 9. Nxe5 Qxe5 10. Bf4 Qe6 11. Nb5 Qd7 12. Nc7+ Kd8 13. Nxa8 Bd6 14. c3 Bxf4 15. Rxf4 Nd5 16. Bxd5 Qxd5 17. cxd4 g5 18. Rf2 1-0

[Event "St Petersburg Botvinnik Memorial op"]
[Site "St Petersburg"]
[Date "2012.08.28"]
[Round "4"]
[White "Fedoseeva, Valentina"]
[Black "Markevich, Ilya"]
[Result "0-1"]
[WhiteElo "1957"]
[BlackElo "2210"]
[PlyCount "62"]
[EventDate "2012.08.25"]
[EventType "swiss"]
[EventRounds "9"]
[EventCountry "RUS"]
[SourceTitle "CBM 150 Extra"]
[Source "ChessBase"]
[SourceDate "2012.10.19"]
[SourceVersion "1"]
[SourceVersionDate "2012.10.19"]
[SourceQuality "1"]

1. Nf3 d5 2. d4 e6 3. e3 c5 4. c4 Nc6 5. Nc3 Nf6 6. b3 cxd4 7. Nxd4 Bb4 8. Bb2 Ne4 9. Rc1 Qa5 10. Ndb5 dxc4 11. Bxc4 a6 12. a3 axb5 13. axb4 Qxb4 14. Bxb5 0-0 15. Bxc6 bxc6 16. 0-0 Nc5 17. Ne2 Ba6 18. Bc3 Qg4 19. f3 Qg6 20. Bd4 Nd7 21. f4 Qh5 22. Re1 Rfd8 23. Nc3 Qf5 24. Na4 Bb5 25. Nc5 e5 26. fxe5 Ra2 27. e4 Qg5 28. Rc2 Rxc2 29. Qxc2 Nxe5 30. Be3 Nf3+ 31. Kh1 Qh4 0-1

[Event "St Petersburg Botvinnik Memorial op"]
[Site "St Petersburg"]
[Date "2012.08.25"]
[Round "1"]
[White "Ponfilenok, Vladimir"]
[Black "Fedoseeva, Valentina"]
[Result "0-1"]
[WhiteElo "2392"]
[BlackElo "1957"]
[PlyCount "84"]
[EventDate "2012.08.25"]
[EventType "swiss"]
[EventRounds "9"]
[EventCountry "RUS"]
[SourceTitle "CBM 150 Extra"]
[Source "ChessBase"]
[SourceDate "2012.10.19"]
[SourceVersion "1"]
[SourceVersionDate "2012.10.19"]
[SourceQuality "1"]

1. Nf3 d5 2. d4 Nf6 3. c4 e6 4. g3 b6 5. Bg2 Bb7 6. Ne5 Nbd7 7. Nc3 c5 8. cxd5 Nxe5 9. dxe5 Nxd5 10. Ne4 Qc7 11. Bf4 0-0-0 12. Qa4 Kb8 13. 0-0-0 Bc6 14. Qc2 Be7 15. a3 h6 16. h4 Nxf4 17. gxf4 Rxd1+ 18. Rxd1 Bxh4 19. Bf3 Be7 20. Nd6 Bxf3 21. exf3 Bxd6 22. exd6 Qd7 23. Qd3 h5 24. Re1 Rd8 25. Rd1 g6 26. Qc3 Qc6 27. Qe5 Rd7 28. f5 exf5 29. Rd3 Kb7 30. Qf6 c4 31. Rd2 Qxf3 32. Kb1 Qe4+ 33. Kc1 Qe6 34. Qd4 Kc6 35. Qh8 Rxd6 36. Qa8+ Kc5 37. Rxd6 Kxd6 38. Qb8+ Ke7 39. Qxa7+ Kf6 40. Qb8 Qe1+ 41. Kc2 Qxf2+ 42. Kc3 Qc5 0-1

[Event "St Petersburg Autumn op"]
[Site "St Petersburg"]
[Date "2011.10.30"]
[Round "3"]
[White "Fedoseeva, Valentina"]
[Black "Zhivotovskaya, Asya"]
[Result "1-0"]
[WhiteElo "1920"]
[BlackElo "1685"]
[PlyCount "25"]
[EventDate "2011.10.28"]
[EventType "swiss"]
[EventRounds "9"]
[EventCountry "RUS"]
[SourceTitle "EXT 2013"]
[Source "ChessBase"]
[SourceDate "2012.11.22"]
[SourceVersion "1"]
[SourceVersionDate "2012.11.22"]
[SourceQuality "1"]

1. e4 c5 2. Nf3 g6 3. c3 Bg7 4. d4 cxd4 5. cxd4 d5 6. Bb5+ Nc6 7. Qa4 Qd7 8. exd5 Qxd5 9. Nc3 Qe6+ 10. Be3 Nf6 11. 0-0-0 Nd5 12. Bc4 Nxc3 13. bxc3 1-0

[Event "St Petersburg Botvinnik 100 op"]
[Site "St Petersburg"]
[Date "2011.08.18"]
[Round "7"]
[White "Bezobrazov, Lev"]
[Black "Fedoseeva, Valentina"]
[Result "0-1"]
[WhiteElo "1689"]
[BlackElo "1885"]
[PlyCount "56"]
[EventDate "2011.08.12"]
[EventType "swiss"]
[EventRounds "9"]
[EventCountry "RUS"]
[SourceTitle "CBM 143 Extra"]
[Source "ChessBase"]
[SourceDate "2011.08.29"]
[SourceVersion "1"]
[SourceVersionDate "2011.08.29"]
[SourceQuality "1"]

1. e4 e5 2. Nf3 Nc6 3. Bc4 Nf6 4. d4 exd4 5. 0-0 Be7 6. e5 Ne4 7. Bd5 Nc5 8. Bxc6 dxc6 9. Qxd4 Bf5 10. b4 Nd7 11. Qb2 Nb6 12. a4 Bg4 13. Nfd2 Qd5 14. Re1 0-0 15. Ra3 Nc4 16. Nxc4 Qxc4 17. Rb3 Bf5 18. Na3 Qd5 19. c4 Qe6 20. Bf4 Rfd8 21. c5 b6 22. cxb6 axb6 23. h3 Rxa4 24. g4 Bd3 25. Bd2 c5 26. bxc5 Bxc5 27. Nb5 Bxb5 28. Rxb5 Ra2 0-1

[Event "St Petersburg Botvinnik 100 op"]
[Site "St Petersburg"]
[Date "2011.08.16"]
[Round "5"]
[White "Vager, Boris"]
[Black "Fedoseeva, Valentina"]
[Result "1-0"]
[WhiteElo "2127"]
[BlackElo "1885"]
[PlyCount "86"]
[EventDate "2011.08.12"]
[EventType "swiss"]
[EventRounds "9"]
[EventCountry "RUS"]
[SourceTitle "CBM 143 Extra"]
[Source "ChessBase"]
[SourceDate "2011.08.29"]
[SourceVersion "1"]
[SourceVersionDate "2011.08.29"]
[SourceQuality "1"]

1. d4 Nf6 2. Nf3 e6 3. Bg5 Be7 4. Nbd2 d5 5. e3 h6 6. Bh4 Nbd7 7. Bd3 c5 8. c3 Qb6 9. Qb3 c4 10. Qxb6 axb6 11. Bc2 b5 12. a3 b4 13. cxb4 Bxb4 14. 0-0 Be7 15. h3 b5 16. g4 Bb7 17. Ne5 Nxe5 18. dxe5 Nd7 19. Bxe7 Kxe7 20. f4 Rhc8 21. Nf3 c3 22. b3 f6 23. exf6+ Nxf6 24. Nd4 Bc6 25. Rfc1 Bd7 26. Bd3 Ne4 27. Bxe4 dxe4 28. b4 Rc4 29. Kf2 c2 30. Ne2 Be8 31. h4 Bd7 32. g5 hxg5 33. hxg5 e5 34. fxe5 Rf8+ 35. Nf4 Rf5 36. Rg1 Kf7 37. Ke2 Rxe5 38. Kd2 g6 39. Rac1 Re8 40. Rxc2 Rxc2+ 41. Kxc2 Be6 42. Nxe6 Rxe6 43. Rf1+ Kg7 1-0

[Event "St Petersburg Botvinnik 100 op"]
[Site "St Petersburg"]
[Date "2011.08.15"]
[Round "4"]
[White "Fedoseeva, Valentina"]
[Black "Palchun, Grigory"]
[Result "0-1"]
[WhiteElo "1885"]
[BlackElo "2144"]
[PlyCount "84"]
[EventDate "2011.08.12"]
[EventType "swiss"]
[EventRounds "9"]
[EventCountry "RUS"]
[SourceTitle "CBM 143 Extra"]
[Source "ChessBase"]
[SourceDate "2011.08.29"]
[SourceVersion "1"]
[SourceVersionDate "2011.08.29"]
[SourceQuality "1"]

1. e4 c5 2. Nf3 Nc6 3. Bb5 d6 4. Bxc6+ bxc6 5. 0-0 Bg4 6. h3 Bh5 7. Re1 e6 8. d3 Be7 9. Nbd2 d5 10. Nf1 Nf6 11. Ng3 Bxf3 12. Qxf3 0-0 13. c3 Nd7 14. b3 Bf6 15. Bb2 Qb6 16. Nh5 Be5 17. Qg4 g6 18. Nf4 Bg7 19. Rac1 Qa5 20. a3 Qb6 21. b4 cxb4 22. axb4 dxe4 23. dxe4 Ne5 24. Qe2 c5 25. Ba3 c4 26. h4 Rfd8 27. Rcd1 Qa6 28. Bc1 Nd3 29. Nxd3 cxd3 30. Qd2 Rac8 31. Bb2 Qc4 32. e5 Qxh4 33. g3 Qh5 34. Re3 Bh6 35. f4 g5 36. Rf1 gxf4 37. gxf4 Kh8 38. Rg3 Rg8 39. Rxg8+ Rxg8+ 40. Kf2 Qh4+ 41. Ke3 Qh3+ 42. Rf3 Bxf4+ 0-1

[Event "St Petersburg Botvinnik 100 op"]
[Site "St Petersburg"]
[Date "2011.08.12"]
[Round "1"]
[White "Demianjuk, Alexander"]
[Black "Fedoseeva, Valentina"]
[Result "1-0"]
[WhiteElo "2317"]
[BlackElo "1885"]
[PlyCount "59"]
[EventDate "2011.08.12"]
[EventType "swiss"]
[EventRounds "9"]
[EventCountry "RUS"]
[SourceTitle "CBM 143 Extra"]
[Source "ChessBase"]
[SourceDate "2011.08.29"]
[SourceVersion "1"]
[SourceVersionDate "2011.08.29"]
[SourceQuality "1"]

1. e4 e5 2. Nf3 Nc6 3. Bb5 a6 4. Ba4 Nf6 5. 0-0 Be7 6. Re1 b5 7. Bb3 d6 8. c3 0-0 9. h3 Nb8 10. d4 Nbd7 11. Nbd2 Bb7 12. Bc2 Re8 13. Nf1 Bf8 14. Ng3 d5 15. exd5 exd4 16. Rxe8 Qxe8 17. Nxd4 Bxd5 18. Bg5 h6 19. Bf4 c5 20. Ndf5 Nb6 21. Qc1 Qc6 22. Bxh6 gxh6 23. Nxh6+ Bxh6 24. Qxh6 Ne8 25. Bh7+ Kh8 26. Bg6+ Kg8 27. Nf5 fxg6 28. Ne7+ Kf7 29. Nxc6 Bxc6 30. Qf4+ 1-0

[Event "St Petersburg White Nights op"]
[Site "St Petersburg"]
[Date "2011.06.15"]
[Round "9"]
[White "Klobukov, Sergey"]
[Black "Fedoseeva, Valentina"]
[Result "0-1"]
[WhiteElo "1980"]
[BlackElo "1874"]
[PlyCount "112"]
[EventDate "2011.06.07"]
[EventType "swiss"]
[EventRounds "9"]
[EventCountry "RUS"]
[SourceTitle "EXT 2012"]
[Source "ChessBase"]
[SourceDate "2011.11.24"]
[SourceVersion "1"]
[SourceVersionDate "2011.11.24"]
[SourceQuality "1"]

1. d4 Nf6 2. Nf3 e6 3. e3 b6 4. Nbd2 Bb7 5. Bd3 c5 6. 0-0 Nc6 7. c3 Qc7 8. e4 d5 9. Qa4 dxe4 10. Nxe4 Nxe4 11. Bxe4 0-0-0 12. Be3 f5 13. Bc2 Bd6 14. dxc5 bxc5 15. Qc4 Rhe8 16. Ba4 Na5 17. Qe2 Bd5 18. Bg5 Bc4 19. Bxd8 Rxd8 20. Qe3 Bf4 21. Qe1 e5 22. g3 e4 23. gxf4 Qxf4 24. Qe3 Qg4+ 25. Kh1 Bxf1 26. Rxf1 Qxf3+ 27. Qxf3 exf3 28. Rd1 Nc4 29. Rxd8+ Kxd8 30. b4 Nb2 31. Bc6 Nd3 32. Bxf3 cxb4 33. cxb4 Nxb4 34. a4 Nd3 35. Kg1 Nc5 36. Bd1 Kc7 37. Kg2 Kd6 38. Bc2 Ke5 39. Kf3 g5 40. Kg2 Kf4 41. f3 a5 42. h3 Ne6 43. Bb3 Nc5 44. Bc2 h6 45. Kf2 Na6 46. Bd3 Nb4 47. Bb5 h5 48. Be8 h4 49. Bb5 Ke5 50. Ke3 Nd5+ 51. Kd2 Nf4 52. Bf1 Kd4 53. Kc2 Ke3 54. Kc3 Kxf3 55. Kd4 g4 56. hxg4 fxg4 0-1